Famous People from Indiana by Picture - Statistics

General Stats
  • This quiz has been taken 25,131 times
    15,925 since last reset
  • The average score is 7 of 16
Answer Stats
Picture Hint Answer % Correct
Gary Michael Jackson
100%
Perry County Abraham Lincoln
97%
Henryville Colonel Sanders
74%
French Lick Larry Bird
68%
Mishawaka Adam Driver
61%
Fairmont James Dean
58%
Indianapolis David Letterman
51%
Lafayette Axl Rose
49%
Huntington Dan Quayle
27%
Brazil Orville Redenbacher
26%
Fairmount
(name the cartoonist)
Jim Davis
21%
Indianapolis
(bank robber)
John Dillinger
20%
Seymour John Mellencamp
17%
Indianapolis Kurt Vonnegut
16%
Evansville Don Mattingly
14%
Peru
(1930s era songwriter)
Cole Porter
9%
No matching quizzes found
Score Distribution
Percent of People with Each Score
Percentile by Number Answered
Your Score History
You have not taken this quiz since the last reset